<?xml version="1.0" encoding="UTF-8"?>
<record
    xmlns:xsi="http://www.w3.org/2001/XMLSchema-instance"
    xsi:schemaLocation="http://www.loc.gov/MARC21/slim http://www.loc.gov/standards/marcxml/schema/MARC21slim.xsd"
    xmlns="http://www.loc.gov/MARC21/slim">

  <leader>02539cam a22002533a 4500</leader>
  <controlfield tag="001">18464</controlfield>
  <controlfield tag="003">PGUSA</controlfield>
  <controlfield tag="005">20140828083407.0</controlfield>
  <controlfield tag="008">060528s2006||||xxu|||||s|||||000 | eng d</controlfield>
  <datafield tag="040" ind1=" " ind2=" ">
    <subfield code="a">PGUSA</subfield>
    <subfield code="b">eng</subfield>
  </datafield>
  <datafield tag="042" ind1=" " ind2=" ">
    <subfield code="a">dc</subfield>
  </datafield>
  <datafield tag="050" ind1=" " ind2="4">
    <subfield code="a">PN</subfield>
  </datafield>
  <datafield tag="245" ind1="1" ind2="4">
    <subfield code="a">The Wit and Humor of America, Volume I. (of X.)</subfield>
    <subfield code="h">[electronic resource]</subfield>
  </datafield>
  <datafield tag="260" ind1=" " ind2=" ">
    <subfield code="b">Project Gutenberg,</subfield>
    <subfield code="c">2006</subfield>
  </datafield>
  <datafield tag="505" ind1="0" ind2=" ">
    <subfield code="a">Anatole Dubois at de Horse Show, by Amsbary -- The Billville Spirit Meeting, by Stanton -- The British Matron, by Hawthorne -- The Champion Checker-Player of Ameriky, by Riley -- Colonel Sterett's Panther Hunt, by Lewis -- A Cry from the Consumer, by Nesbit -- The Curse of the Competent, by Finn -- Darby and Joan, by Honeywood -- The Day We Do Not Celebrate, by Burdette -- The Deacon's Masterpiece; or, The Wonderful "One-Hoss Shay", by Holmes -- The Deacon's Trout, by Beecher -- A Disappointment, by O'Reilly -- Distichs, by Hay -- Down Around the River, by Riley -- Enough, by Masson -- The Experiences of the A.C., by Taylor -- The Feast of the Monkeys, by Sousa -- The Fighting Race, by Clarke -- The Grammatical Boy, by Nye -- Grizzly-Gru, by Ironquill -- John Henry in a Street Car, by McHugh -- Laffing, by Billings -- A Letter from Mr. Biggs, by Howe -- A Medieval Discoverer, by Nye -- Melons, by Harte -- The Menagerie, by Moody -- Mrs. Johnson, by Howells -- The Muskeeter, by Billings -- My Grandmother's Turkey-Tail Fan, by Peck -- Myopia, by Rice -- An Odyssey of K's, by Nesbit -- The Old Maid's House: In Plan, by Phelps -- The Organ, by Beecher -- Partingtonian Patchwork, by Shillaber -- Pass, by Ironquill -- The Pettibone Lineage, by Fields -- A Psalm of Life, by Cary -- The Purple Cow, by Burgess -- The Quarrel, by Kiser -- Similar Cases, by Gilman -- Simple English, by Rose -- Spelling Down the Master, by Eggleston -- Stage Whispers, by Wells -- Teaching by Example, by Saxe -- The Tragedy of It, by Noble -- The Turnings of a Bookworm, by Wells -- Wanted--A Cook, by Dale -- What Mr. Robinson Thinks, by Lowell -- When Albani Sang, by Drummond -- When the Frost is on the Punkin, by Riley -- Why Moles Have Hands, by Culbertsonn -- Wouter Van Twiller, by Irving -- The Yankee Dude'll Do, by Kiser.</subfield>
  </datafield>
  <datafield tag="506" ind1=" " ind2=" ">
    <subfield code="a">Public domain in the USA.</subfield>
  </datafield>
  <datafield tag="516" ind1=" " ind2=" ">
    <subfield code="a">Electronic text</subfield>
  </datafield>
  <datafield tag="653" ind1=" " ind2=" ">
    <subfield code="a">American wit and humor</subfield>
  </datafield>
  <datafield tag="653" ind1=" " ind2=" ">
    <subfield code="a">American literature -- Humor</subfield>
  </datafield>
  <datafield tag="700" ind1="1" ind2=" ">
    <subfield code="a">Wilder, Marshall Pinckney,</subfield>
    <subfield code="d">1859-1915</subfield>
  </datafield>
  <datafield tag="830" ind1=" " ind2="0">
    <subfield code="a">Project Gutenberg</subfield>
    <subfield code="v">18464</subfield>
  </datafield>
  <datafield tag="856" ind1="4" ind2="0">
    <subfield code="u">http://www.gutenberg.org/ebooks/18464</subfield>
  </datafield>
  <datafield tag="942" ind1=" " ind2=" ">
    <subfield code="c">EB</subfield>
  </datafield>
  <datafield tag="999" ind1=" " ind2=" ">
    <subfield code="c">247719</subfield>
    <subfield code="d">247719</subfield>
  </datafield>
  <datafield tag="952" ind1=" " ind2=" ">
    <subfield code="0">0</subfield>
    <subfield code="1">0</subfield>
    <subfield code="4">0</subfield>
    <subfield code="a">GTB</subfield>
    <subfield code="b">GTB</subfield>
    <subfield code="d">2014-08-28</subfield>
    <subfield code="l">0</subfield>
    <subfield code="r">2014-08-28 00:00:00</subfield>
    <subfield code="w">2014-08-28</subfield>
    <subfield code="y">EB</subfield>
  </datafield>
</record>
